[Event "ODEM U25A 2011"]
[Site "Oberhof GER"]
[Date "2011.06.13"]
[Round "3"]
[White "Berger, Manuel"]
[Black "Grigoryeva, Olga"]
[Result "1-0"]
[Termination "normal"]
[Board "9"]
[WhiteElo "1924"]
[BlackElo "2087"]
[PlyCount "115"]
[WhiteFideId "24692506"]
[BlackFideId "24132594"]
[EventCountry "GER"]
[EventRounds "9"]
[EventType "swiss"]
[EventDate "2011.06.11"]

1. e4 c5 2. Nf3 Nc6 3. d4 cxd4 4. Nxd4 e5 5. Nb5 d6 6. c4 Be6 7. N1c3 a6 8. Na3
Be7 9. Be2 Bg5 10. O-O Bxc1 11. Rxc1 Nge7 12. Nc2 O-O 13. Qd2 Qd7 14. Nd5 Bxd5
15. cxd5 Nd8 16. Ne3 b5 17. Bg4 Qb7 18. Qa5 Ra7 19. Nf5 Nxf5 20. Bxf5 g6 21.
Bc8 Qb8 22. Rc2 f5 23. exf5 gxf5 24. Rfc1 f4 25. Rc7 Qa8 26. Rxa7 Qxa7 27. Qxa6
Qd4 28. Qxb5 f3 29. g3 e4 30. Be6+ Kh8 31. Qb3 Re8 32. Rc8 e3 33. fxe3 f2+ 34.
Kf1 Qe5 35. Qc3 Rf8 36. Qxe5+ dxe5 37. a4 Nxe6 38. Rxf8+ Nxf8 39. a5 Nd7 40. a6
Kg7 41. a7 Nb6 42. Kxf2 e4 43. g4 Kf6 44. Kg3 Ke5 45. d6 Kxd6 46. Kf4 Kc7 47.
Kxe4 Kb7 48. Kf5 Kxa7 49. e4 Kb7 50. h4 Kc7 51. g5 Kd7 52. Kf6 Na4 53. b4 Nc3
54. e5 Ke8 55. Kg7 Nd5 56. Kxh7 Nxb4 57. g6 Nc6 58. g7 1-0

[Event "ODEM U25A 2011"]
[Site "Oberhof GER"]
[Date "2011.06.13"]
[Round "3"]
[White "Walter, Florian"]
[Black "George, Tom"]
[Result "1-0"]
[Termination "normal"]
[Board "10"]
[WhiteElo "2083"]
[BlackElo "1855"]
[PlyCount "109"]
[WhiteFideId "24677450"]
[BlackFideId "24659487"]
[EventCountry "GER"]
[EventRounds "9"]
[EventType "swiss"]
[EventDate "2011.06.11"]

1. c4 e5 2. Nc3 Nc6 3. g3 Nf6 4. Bg2 Bc5 5. Nf3 O-O 6. O-O d6 7. a3 a5 8. b3
Bf5 9. Bb2 Rb8 10. Nb5 Qe7 11. d3 Nd8 12. e3 c6 13. d4 exd4 14. exd4 Bb6 15.
Re1 Qd7 16. Nc3 Ne6 17. Na4 Bd8 18. d5 cxd5 19. cxd5 Nc5 20. Nxc5 dxc5 21. Ne5
Qc8 22. Rc1 Nd7 23. Nxd7 Bxd7 24. Be5 Bb6 25. Bxb8 Qxb8 26. Re7 Qd6 27. Re1 h6
28. Qh5 Qf6 29. Qe5 Qxe5 30. Rxe5 Rd8 31. Rd1 Kf8 32. d6 Be6 33. d7 Rxd7 34.
Rxd7 Bxd7 35. Bxb7 Be6 36. Bc6 Ke7 37. Ba4 Kd6 38. Re2 Ke7 39. Bb5 Kd6 40. Bc4
Bxc4 41. bxc4 Bd8 42. Kg2 Bf6 43. Kf3 g6 44. Ke4 Kc6 45. f4 Bc3 46. g4 f6 47.
Kd3 Bd4 48. Re6+ Kb7 49. a4 g5 50. Ke4 Kc7 51. Ra6 Bc3 52. Ra7+ Kd6 53. Rh7
gxf4 54. Rxh6 Be5 55. g5 1-0

[Event "ODEM U25A 2011"]
[Site "Oberhof GER"]
[Date "2011.06.13"]
[Round "3"]
[White "Nehls, Benedikt"]
[Black "Müller, Philipp"]
[Result "0-1"]
[Termination "time forfeit"]
[Board "11"]
[WhiteElo "1894"]
[BlackElo "2035"]
[PlyCount "76"]
[WhiteFideId "24656771"]
[BlackFideId "24683701"]
[EventCountry "GER"]
[EventRounds "9"]
[EventType "swiss"]
[EventDate "2011.06.11"]

1. Nf3 Nf6 2. c4 c6 3. d4 d5 4. Nc3 a6 5. e3 b5 6. b3 Bf5 7. Be2 e6 8. O-O Nbd7
9. Bb2 Be7 10. Nh4 Bg6 11. Rc1 O-O 12. Nxg6 hxg6 13. Qc2 Rc8 14. Bd3 Bd6 15. f4
c5 16. Qe2 bxc4 17. bxc4 Qb6 18. Kh1 cxd4 19. exd4 dxc4 20. Bb1 Nh5 21. g3 Ndf6
22. Ne4 Rc7 23. Nxd6 Qxd6 24. Qf3 Rb8 25. Ba3 Qc6 26. Kg2 c3 27. h3 Nd5 28. Kh2
Qa4 29. Bc5 Rb2+ 30. Rf2 Rxf2+ 31. Qxf2 Rb7 32. Bc2 Qxa2 33. Kg2 Rb2 34. Kh1
Nxg3+ 35. Qxg3 Rxc2 36. Rxc2 Qxc2 37. f5 Qb1+ 38. Kh2 c2 0-1

[Event "ODEM U25A 2011"]
[Site "Oberhof GER"]
[Date "2011.06.13"]
[Round "3"]
[White "Shishkov, Mark"]
[Black "Fichtner, Ewald"]
[Result "0-1"]
[Termination "normal"]
[Board "13"]
[WhiteElo "1987"]
[BlackElo "1991"]
[PlyCount "114"]
[WhiteFideId "12911682"]
[BlackFideId "1270194"]
[EventCountry "GER"]
[EventRounds "9"]
[EventType "swiss"]
[EventDate "2011.06.11"]

1. d4 d5 2. c4 c6 3. Nf3 Nf6 4. e3 Bf5 5. Nc3 e6 6. Nh4 Be4 7. f3 Bg6 8. Qb3
Qb6 9. Nxg6 hxg6 10. Bd2 Nbd7 11. Kf2 Be7 12. Bd3 g5 13. Qc2 g4 14. f4 Nh5 15.
Ne2 f5 16. b4 Nhf6 17. h3 gxh3 18. gxh3 Kf7 19. Rag1 Rh7 20. Rg2 Rah8 21. c5
Qd8 22. Rhg1 Ne4+ 23. Bxe4 dxe4 24. d5 cxd5 25. Bc3 Bf6 26. Nd4 Qe7 27. Nb5 Nf8
28. Qb2 Bxc3 29. Qxc3 g6 30. Nd6+ Kg8 31. Rg5 Qg7 32. Qxg7+ Rxg7 33. Rh1 Nh7
34. Rg3 Nf6 35. Nb5 a6 36. Nd4 Kf7 37. Rhg1 Nd7 38. c6 bxc6 39. Nxc6 Rc8 40.
Rc1 Kf6 41. Rgg1 Nb6 42. Na5 Rgc7 43. Nb3 Rxc1 44. Rxc1 Rxc1 45. Nxc1 e5 46.
fxe5+ Kxe5 47. Ne2 g5 48. Nc3 d4 49. exd4+ Kxd4 50. Ne2+ Ke5 51. Ng3 Nd5 52. a3
Nc3 53. Nh5 f4 54. Ng7 e3+ 55. Ke1 f3 56. Ne8 Nd5 57. Ng7 Nf4 0-1

[Event "ODEM U25A 2011"]
[Site "Oberhof GER"]
[Date "2011.06.13"]
[Round "3"]
[White "Wurm, Alexander"]
[Black "Stark, Sven"]
[Result "1-0"]
[Termination "normal"]
[Board "14"]
[WhiteElo "2062"]
[BlackElo "1857"]
[PlyCount "107"]
[WhiteFideId "24637246"]
[BlackFideId "4670124"]
[EventCountry "GER"]
[EventRounds "9"]
[EventType "swiss"]
[EventDate "2011.06.11"]

1. e4 c5 2. c4 Nc6 3. Nc3 d6 4. g3 g6 5. Bg2 Bg7 6. Nge2 Nf6 7. d3 Bd7 8. O-O
O-O 9. h3 e6 10. Be3 a6 11. Qd2 Rb8 12. Bh6 Ne8 13. Bxg7 Kxg7 14. d4 cxd4 15.
Nxd4 Qb6 16. Nc2 Rd8 17. Kh2 Bc8 18. Rad1 Ne7 19. Ne3 f5 20. e5 Nc6 21. Bxc6
Qxc6 22. Qd4 Kg8 23. b4 b6 24. f4 Rd7 25. a4 Rff7 26. b5 axb5 27. axb5 Qc5 28.
Qxc5 bxc5 29. exd6 Nxd6 30. Rd2 Ne4 31. Nxe4 fxe4 32. Rfd1 e5 33. Rxd7 Bxd7 34.
fxe5 Be6 35. Rd6 Rf2+ 36. Kg1 Rf3 37. Rxe6 Rxe3 38. Rc6 Rxg3+ 39. Kf2 Rxh3 40.
Rxc5 g5 41. b6 Rb3 42. Rb5 Rf3+ 43. Ke2 Rf8 44. b7 Rb8 45. c5 g4 46. c6 g3 47.
c7 Rf8 48. c8=Q g2 49. Qxf8+ Kxf8 50. b8=Q+ Kf7 51. e6+ Kf6 52. Qe5+ Ke7 53.
Rb7+ Kd8 54. Qh8# 1-0

[Event "ODEM U25A 2011"]
[Site "Oberhof GER"]
[Date "2011.06.13"]
[Round "3"]
[White "Zimmer, Ketsarin"]
[Black "Münch, Robert"]
[Result "1/2-1/2"]
[Termination "normal"]
[Board "15"]
[WhiteElo "1748"]
[BlackElo "1908"]
[PlyCount "79"]
[WhiteFideId "4696182"]
[BlackFideId "4626028"]
[EventCountry "GER"]
[EventRounds "9"]
[EventType "swiss"]
[EventDate "2011.06.11"]

1. e4 c5 2. d4 cxd4 3. c3 dxc3 4. Nxc3 Nc6 5. Nf3 d6 6. h3 Nf6 7. Bc4 Bd7 8.
Qe2 e6 9. O-O Be7 10. Bb3 O-O 11. Be3 a6 12. Na4 b5 13. Nb6 Rb8 14. Nxd7 Nxd7
15. Rfd1 Qc7 16. Rac1 Nc5 17. Bc2 Bf6 18. Bb1 Be7 19. e5 Nxe5 20. Nxe5 dxe5 21.
Bxc5 Bxc5 22. b4 Bxf2+ 23. Kxf2 Qe7 24. a3 f6 25. Rc3 Rfd8 26. Rg3 Rxd1 27.
Qxd1 Rd8 28. Qh5 f5 29. Kg1 e4 30. Ba2 Qf6 31. Kh2 Qe5 32. Qg5 Rd3 33. Bxe6+
Kh8 34. Bxf5 Rd5 35. Qh5 g6 36. Bxg6 Qxh5 37. Bxh5 Rxh5 38. Re3 Rd5 39. Kg3 Rd2
40. Kf4 1/2-1/2

[Event "ODEM U25A 2011"]
[Site "Oberhof GER"]
[Date "2011.06.13"]
[Round "3"]
[White "Celmer, Ole"]
[Black "Planner, Jörg"]
[Result "1/2-1/2"]
[Termination "normal"]
[Board "16"]
[WhiteElo "1788"]
[BlackElo "1844"]
[PlyCount "40"]
[WhiteFideId "24657107"]
[BlackFideId "1270978"]
[EventCountry "GER"]
[EventRounds "9"]
[EventType "swiss"]
[EventDate "2011.06.11"]

1. e4 e6 2. d4 d5 3. Nc3 Bb4 4. e5 c5 5. Qg4 Kf8 6. Nf3 Nc6 7. Bd2 cxd4 8. Nxd4
Bc5 9. Nxc6 bxc6 10. Bd3 f6 11. Qf3 Bd4 12. Bf4 Rb8 13. exf6 Rxb2 14. fxg7+
Kxg7 15. Qg3+ Kf7 16. Be5 Bxe5 17. Qxe5 Qf6 18. Qxf6+ Nxf6 19. O-O-O Rb8 20. f4
Rg8 1/2-1/2

[Event "ODEM U25A 2011"]
[Site "Oberhof GER"]
[Date "2011.06.13"]
[Round "3"]
[White "Mann, Johannes"]
[Black "Wimmer, Martin"]
[Result "1/2-1/2"]
[Termination "normal"]
[Board "17"]
[WhiteElo "1785"]
[BlackElo "1879"]
[PlyCount "37"]
[WhiteFideId "24691380"]
[BlackFideId "24683680"]
[EventCountry "GER"]
[EventRounds "9"]
[EventType "swiss"]
[EventDate "2011.06.11"]

1. e4 c6 2. Nc3 d5 3. d4 dxe4 4. Nxe4 Bf5 5. Ng3 Bg6 6. h4 h6 7. Nf3 Nd7 8. h5
Bh7 9. Bd3 Bxd3 10. Qxd3 e6 11. Bd2 Ngf6 12. O-O-O Qc7 13. c4 O-O-O 14. Bc3 Kb8
15. Qc2 Bd6 16. Ne4 Be7 17. Kb1 Qf4 18. Rh4 Qc7 19. Rhh1 1/2-1/2

[Event "ODEM U25A 2011"]
[Site "Oberhof GER"]
[Date "2011.06.13"]
[Round "3"]
[White "Linnemann, Niklas"]
[Black "Stövesand, Peter"]
[Result "0-1"]
[Termination "normal"]
[Board "18"]
[WhiteElo "1847"]
[BlackElo "1563"]
[PlyCount "86"]
[WhiteFideId "24695645"]
[BlackFideId "1270624"]
[EventCountry "GER"]
[EventRounds "9"]
[EventType "swiss"]
[EventDate "2011.06.11"]

1. e4 e5 2. Nf3 Nc6 3. Bb5 a6 4. Bxc6 dxc6 5. O-O Bd6 6. d4 Bg4 7. c3 Ne7 8. h3
Bxf3 9. Qxf3 Ng6 10. Be3 O-O 11. Nd2 Qd7 12. Nc4 Rae8 13. dxe5 Nxe5 14. Nxe5
Rxe5 15. Bd4 Re6 16. Rad1 Qe7 17. Qg4 Rg6 18. Qf5 Rg5 19. Qf3 Re8 20. Rfe1 Rg6
21. e5 Re6 22. Qe4 Bc5 23. f4 Bxd4+ 24. cxd4 Qd7 25. Rd3 Qd5 26. Rb3 b6 27. f5
Rh6 28. Qg4 c5 29. Re4 cxd4 30. Rg3 g6 31. Qf4 Rh5 32. fxg6 hxg6 33. Rxd4 Qxe5
34. Qxe5 Rhxe5 35. Rd7 Re1+ 36. Kh2 R8e7 37. Rd8+ Kg7 38. Ra8 a5 39. a4 R7e4
40. b3 R1e3 41. Rc8 c5 42. Rc6 Rxg3 43. Kxg3 Rb4 0-1

[Event "ODEM U25A 2011"]
[Site "Oberhof GER"]
[Date "2011.06.13"]
[Round "3"]
[White "Kobozeva, Victoria"]
[Black "Ehlers, Michael"]
[Result "0-1"]
[Termination "normal"]
[Board "19"]
[WhiteElo "1713"]
[BlackElo "1932"]
[PlyCount "96"]
[WhiteFideId "24133680"]
[BlackFideId "4674537"]
[EventCountry "GER"]
[EventRounds "9"]
[EventType "swiss"]
[EventDate "2011.06.11"]

1. e4 c5 2. Nf3 a6 3. d4 cxd4 4. Nxd4 Nf6 5. Nc3 e5 6. Nf5 d5 7. Ng3 Bb4 8. Bd2
d4 9. Nce2 Nc6 10. Bxb4 Nxb4 11. c3 Nc6 12. cxd4 exd4 13. Nc1 O-O 14. Be2 Re8
15. f3 Ne5 16. b3 Qa5+ 17. Qd2 Qc3 18. Qxc3 dxc3 19. Nd3 Nxd3+ 20. Bxd3 Be6 21.
Kf2 b5 22. b4 Red8 23. Ke3 Nd7 24. f4 Nb6 25. Ne2 Bc4 26. Bxc4 Nxc4+ 27. Kf3
Rd3+ 28. Kf2 Rad8 29. Rac1 Nd2 30. Ng3 h5 31. h4 R8d4 32. a3 Nxe4+ 33. Nxe4
Rxe4 34. g3 Ree3 35. Rhg1 Rf3+ 36. Ke2 Rde3+ 37. Kd1 Rxg3 38. Rxg3 Rxg3 39. Ke2
f6 40. Kf2 Rh3 41. Kg2 Rd3 42. Kf2 Kf7 43. f5 g5 44. fxg6+ Kxg6 45. Rg1+ Kf5
46. Rf1 Ke5 47. Ke2 Rh3 48. Rc1 Ke4 0-1

[Event "ODEM U25A 2011"]
[Site "Oberhof GER"]
[Date "2011.06.13"]
[Round "3"]
[White "Schirra, Felix"]
[Black "Stark, Timo"]
[Result "1/2-1/2"]
[Termination "normal"]
[Board "20"]
[WhiteElo "1634"]
[BlackElo "1842"]
[PlyCount "51"]
[WhiteFideId "24692662"]
[BlackFideId "4670183"]
[EventCountry "GER"]
[EventRounds "9"]
[EventType "swiss"]
[EventDate "2011.06.11"]

1. e4 d6 2. Nf3 Nf6 3. Nc3 g6 4. d4 Bg7 5. h3 O-O 6. Bc4 Nxe4 7. Bxf7+ Rxf7 8.
Nxe4 Nc6 9. Be3 Bf5 10. Ng3 e5 11. c3 exd4 12. Nxd4 Nxd4 13. Bxd4 Qe7+ 14. Kf1
Bd7 15. Kg1 Bc6 16. Kh2 Re8 17. Be3 Be5 18. Qg4 Bd7 19. Qc4 h5 20. h4 Bg4 21.
Bg5 Qe6 22. Qxe6 Rxe6 23. f3 Bf5 24. Rae1 Bxg3+ 25. Kxg3 Rf8 26. Rxe6 1/2-1/2

[Event "ODEM U25A 2011"]
[Site "Oberhof GER"]
[Date "2011.06.13"]
[Round "3"]
[White "Kieslich, Aaron"]
[Black "Wissel, Daniel"]
[Result "1-0"]
[Termination "normal"]
[Board "21"]
[WhiteElo "1815"]
[BlackElo "1724"]
[PlyCount "55"]
[WhiteFideId "1270391"]
[EventCountry "GER"]
[EventRounds "9"]
[EventType "swiss"]
[EventDate "2011.06.11"]

1. e4 b6 2. Nc3 Bb7 3. Nf3 e6 4. d4 Bb4 5. Bd3 Nf6 6. Qe2 d5 7. exd5 Nxd5 8.
Bd2 Nc6 9. O-O Nf6 10. Be3 O-O 11. Rad1 Qe7 12. Bg5 h6 13. Bxf6 Qxf6 14. Qe4 g6
15. d5 exd5 16. Nxd5 Qd6 17. Bc4 Na5 18. a3 Bc5 19. b4 Rfe8 20. Qd3 Nxc4 21.
Qxc4 Rad8 22. Ne3 Qf6 23. bxc5 Rxd1 24. Rxd1 Bxf3 25. gxf3 Qxf3 26. Qd5 Qe2 27.
cxb6 c6 28. Qd3 1-0

[Event "ODEM U25A 2011"]
[Site "Oberhof GER"]
[Date "2011.06.13"]
[Round "3"]
[White "Höpfner, Tim"]
[Black "Orhan, Eda"]
[Result "1-0"]
[Termination "normal"]
[Board "22"]
[WhiteElo "1936"]
[BlackElo "1759"]
[PlyCount "73"]
[WhiteFideId "4638310"]
[BlackFideId "24659258"]
[EventCountry "GER"]
[EventRounds "9"]
[EventType "swiss"]
[EventDate "2011.06.11"]

1. d4 d5 2. c4 c6 3. Nf3 Nf6 4. Nbd2 Bf5 5. g3 e6 6. Bg2 Bd6 7. O-O Nbd7 8. b3
O-O 9. Bb2 Qc7 10. Rc1 Rfe8 11. h3 Ne4 12. Nh4 Nxd2 13. Qxd2 Be4 14. Bxe4 dxe4
15. d5 Rad8 16. dxe6 Rxe6 17. Nf5 Nf6 18. Rfd1 Qd7 19. Qg5 g6 20. Nxd6 Rxd6 21.
Rxd6 Qxd6 22. Qxf6 Qxf6 23. Bxf6 Rd2 24. e3 Kf8 25. Kf1 Ke8 26. Ke1 Rd3 27. Rd1
Rxd1+ 28. Kxd1 Kd7 29. Bd4 a6 30. Ke2 Kd6 31. f3 exf3+ 32. Kxf3 b5 33. cxb5
cxb5 34. e4 Ke6 35. Kf4 h6 36. Bg7 h5 37. Kg5 1-0

[Event "ODEM U25A 2011"]
[Site "Oberhof GER"]
[Date "2011.06.13"]
[Round "3"]
[White "Häusler, Yannick"]
[Black "Brodmann, Anton"]
[Result "0-1"]
[Termination "normal"]
[Board "23"]
[WhiteElo "1619"]
[BlackElo "1861"]
[PlyCount "72"]
[WhiteFideId "12935891"]
[BlackFideId "24655481"]
[EventCountry "GER"]
[EventRounds "9"]
[EventType "swiss"]
[EventDate "2011.06.11"]

1. e4 e6 2. d3 d5 3. e5 Ne7 4. g3 Ng6 5. f4 f6 6. d4 c5 7. exf6 Qxf6 8. Nf3 Nc6
9. Be3 cxd4 10. Nxd4 Bd6 11. Bb5 Bd7 12. O-O a6 13. Be2 O-O 14. Bf3 Nge7 15.
Nc3 Bc5 16. Nce2 e5 17. Nf5 d4 18. Nxe7+ Qxe7 19. Bd5+ Kh8 20. Bf2 Bg4 21. Qd3
Nb4 22. Qe4 Nxd5 23. Qxd5 Bxe2 24. Rfe1 exf4 25. Bxd4 Bxd4+ 26. Qxd4 f3 27. Qf2
Rac8 28. c3 Qc5 29. Qxc5 Rxc5 30. Kf2 Rd5 31. b3 Rd2 32. Ke3 Rfd8 33. c4 R8d3+
34. Kf4 f2 35. c5 fxe1=Q 36. Rxe1 h6 0-1

[Event "ODEM U25A 2011"]
[Site "Oberhof GER"]
[Date "2011.06.13"]
[Round "3"]
[White "Dohmann, Dorothea"]
[Black "Wisheckel, Lena"]
[Result "0-1"]
[Termination "normal"]
[Board "24"]
[WhiteElo "1797"]
[BlackElo "1760"]
[PlyCount "50"]
[WhiteFideId "12915459"]
[BlackFideId "24691992"]
[EventCountry "GER"]
[EventRounds "9"]
[EventType "swiss"]
[EventDate "2011.06.11"]

1. e4 c5 2. Nf3 d6 3. d4 cxd4 4. Nxd4 Nf6 5. Nc3 a6 6. Bc4 e6 7. a4 Be7 8. f3
Nc6 9. Be3 Qc7 10. Nxc6 Qxc6 11. Qd4 O-O 12. h4 Bd7 13. h5 b5 14. axb5 axb5 15.
Rxa8 Qxa8 16. Bxb5 Qa1+ 17. Qd1 Qxb2 18. Bd4 Qb4 19. Qd3 e5 20. Bxe5 Bxb5 21.
Qxb5 dxe5 22. Qxe5 Rc8 23. Kd2 Nd7 24. Rb1 Nxe5 25. Rxb4 Bxb4 0-1

[Event "ODEM U25A 2011"]
[Site "Oberhof GER"]
[Date "2011.06.13"]
[Round "3"]
[White "Dietrich, Franz"]
[Black "Bach, Jannik"]
[Result "0-1"]
[Termination "normal"]
[Board "25"]
[WhiteElo "1509"]
[BlackElo "1772"]
[PlyCount "108"]
[WhiteFideId "1270312"]
[BlackFideId "24615900"]
[EventCountry "GER"]
[EventRounds "9"]
[EventType "swiss"]
[EventDate "2011.06.11"]

1. e4 c6 2. d4 d5 3. Nc3 dxe4 4. Nxe4 Bf5 5. Ng3 Bg6 6. Nf3 Nd7 7. Bd3 Ngf6 8.
c3 e6 9. Be3 Bd6 10. Qc2 Qc7 11. Rb1 a5 12. a3 Nd5 13. Bd2 Bf4 14. Bxg6 hxg6
15. Bxf4 Nxf4 16. O-O O-O 17. Rfe1 c5 18. Rbd1 Rfd8 19. Ne4 Rac8 20. dxc5 Nxc5
21. Nd4 Nd5 22. h3 Qb6 23. Nxc5 Qxc5 24. Rd3 Nf4 25. Rd2 Rxd4 26. Rxd4 Qxd4 27.
Rd1 Qc5 28. Qd2 Nd5 29. Qg5 Qb6 30. Rd2 Qc7 31. Qh4 Qf4 32. Qxf4 Nxf4 33. Rd7
b6 34. Rd2 Kf8 35. h4 Ke7 36. g3 Nd5 37. f3 b5 38. Kf2 Rc6 39. f4 Nb6 40. Kf3
Rd6 41. Re2 Nc4 42. Ke4 a4 43. Rc2 Rd5 44. Re2 Kd6 45. Rc2 f6 46. Rf2 f5+ 47.
Kf3 Rd3+ 48. Kg2 Rd2 49. Rxd2+ Nxd2 50. Kf2 Nc4 51. Ke2 Nxb2 52. Kd2 Nc4+ 53.
Kd3 Kd5 54. Ke2 Ke4 0-1

[Event "ODEM U25A 2011"]
[Site "Oberhof GER"]
[Date "2011.06.13"]
[Round "3"]
[White "Diller, Daniel"]
[Black "Winterholler, Christina"]
[Result "0-1"]
[Termination "normal"]
[Board "26"]
[WhiteElo "1779"]
[BlackElo "1669"]
[PlyCount "94"]
[WhiteFideId "12908983"]
[BlackFideId "24652105"]
[EventCountry "GER"]
[EventRounds "9"]
[EventType "swiss"]
[EventDate "2011.06.11"]

1. c4 e5 2. g3 Nf6 3. Bg2 h6 4. Nc3 Bb4 5. Nd5 Nxd5 6. cxd5 O-O 7. a3 Ba5 8. b4
Bb6 9. Bb2 d6 10. e3 Bf5 11. Ne2 Nd7 12. Qb3 Nf6 13. d4 e4 14. O-O Qd7 15. f3
exf3 16. Rxf3 Be4 17. Rxf6 Bxg2 18. Rf4 Bh3 19. Qd3 Rfe8 20. Re1 Re7 21. Kh1
Rae8 22. Ng1 Bg4 23. Kg2 Bh5 24. Qb3 Bg6 25. Nf3 Be4 26. h4 g5 27. hxg5 hxg5
28. Rxe4 Rxe4 29. Qd3 Qf5 30. Nd2 Rf4 31. Qxf5 Rxf5 32. e4 Rxd5 33. Nf3 Rb5 34.
g4 a5 35. Bc3 axb4 36. axb4 f6 37. d5 Kf7 38. Kg3 Ra8 39. Rf1 Be3 40. Bd4 Bf4+
41. Kg2 Rxb4 42. Bc3 Rxe4 43. Bd2 Re2+ 44. Kh1 Rh8+ 45. Kg1 Bxd2 46. Nxg5+ Bxg5
47. Rxf6+ Kxf6 0-1

[Event "ODEM U25A 2011"]
[Site "Oberhof GER"]
[Date "2011.06.13"]
[Round "3"]
[White "Brühan, Caren"]
[Black "Becker, Matthias"]
[Result "0-1"]
[Termination "normal"]
[Board "27"]
[WhiteElo "1637"]
[BlackElo "1912"]
[PlyCount "90"]
[WhiteFideId "24691976"]
[BlackFideId "12915564"]
[EventCountry "GER"]
[EventRounds "9"]
[EventType "swiss"]
[EventDate "2011.06.11"]

1. d4 Nf6 2. Nf3 d5 3. e3 e6 4. Bd3 c5 5. c3 Nc6 6. Nbd2 Be7 7. O-O O-O 8. Re1
Qc7 9. Qc2 h6 10. dxc5 Bxc5 11. h3 Rd8 12. e4 Qb6 13. Nb3 dxe4 14. Bxe4 Nxe4
15. Rxe4 e5 16. Nxc5 Qxc5 17. Re2 Be6 18. Be3 Qe7 19. Rae1 Rac8 20. b3 Qf6 21.
Rc1 Bxh3 22. gxh3 Qxf3 23. Kh2 Nb4 24. cxb4 Rxc2 25. Rexc2 Rd6 26. Rg1 Rg6 27.
Rxg6 fxg6 28. Bxa7 Qf4+ 29. Kg1 Qxb4 30. Re2 Qc3 31. Bb8 Qxh3 32. Bxe5 Qg4+ 33.
Kf1 h5 34. Re3 h4 35. f3 Qf5 36. Kf2 g5 37. Bh2 g4 38. f4 Qc2+ 39. Kg1 g3 40.
Bxg3 hxg3 41. Rxg3 Qxa2 42. Rf3 Kf7 43. f5 Kf6 44. Kf1 Qb1+ 45. Ke2 Qxf5 0-1

[Event "ODEM U25A 2011"]
[Site "Oberhof GER"]
[Date "2011.06.13"]
[Round "3"]
[White "Hoffmann, Tim"]
[Black "Prosvetov, Ivan"]
[Result "1-0"]
[Termination "normal"]
[Board "28"]
[WhiteElo "1673"]
[BlackElo "2045"]
[PlyCount "55"]
[WhiteFideId "12900338"]
[BlackFideId "24123900"]
[EventCountry "GER"]
[EventRounds "9"]
[EventType "swiss"]
[EventDate "2011.06.11"]

1. e4 e6 2. d4 d5 3. Nd2 Nf6 4. e5 Nfd7 5. Bd3 c5 6. c3 Nc6 7. Ne2 Be7 8. O-O
Qb6 9. Nf3 O-O 10. b3 Re8 11. Be3 Qc7 12. Rc1 c4 13. Bc2 b5 14. Ng3 a5 15. bxc4
dxc4 16. Ng5 Bxg5 17. Bxg5 Ne7 18. Ne4 Nd5 19. Nd6 Rf8 20. Qh5 g6 21. Qh6 f5
22. Nxb5 Qc6 23. Nd6 Nxc3 24. Bd1 Nxd1 25. Rxc4 Qd5 26. Rxd1 Ba6 27. Rc7 Bc8
28. Bf6 1-0

[Event "ODEM U25A 2011"]
[Site "Oberhof GER"]
[Date "2011.06.13"]
[Round "3"]
[White "Meulner, Fabian"]
[Black "Kast, Joannis"]
[Result "1-0"]
[Termination "normal"]
[Board "29"]
[WhiteElo "1823"]
[BlackElo "1745"]
[PlyCount "157"]
[WhiteFideId "12913936"]
[BlackFideId "24698776"]
[EventCountry "GER"]
[EventRounds "9"]
[EventType "swiss"]
[EventDate "2011.06.11"]

1. Nf3 c5 2. g3 Nc6 3. Bg2 d5 4. O-O Nf6 5. d3 e5 6. Nbd2 Be6 7. e4 d4 8. Ng5
Be7 9. Nxe6 fxe6 10. f4 O-O 11. Bh3 Qd7 12. f5 exf5 13. Bxf5 Qc7 14. Nf3 Qd6
15. Bd2 b5 16. a4 a6 17. Qe2 Rfb8 18. b3 Nd8 19. Rfb1 b4 20. Bh3 Nf7 21. Rf1
Rf8 22. Rae1 Nh8 23. Bc1 Kf7 24. Nd2 Ke8 25. Nc4 Qc7 26. Kh1 Nf7 27. Rf2 Kd8
28. Ref1 Qb8 29. Bd2 Kc7 30. Qd1 a5 31. Qe2 Kb7 32. Kg1 Ka6 33. Bc1 Qc7 34. Kh1
Rae8 35. Kg1 Bd8 36. Kh1 Nd6 37. Nxd6 Qxd6 38. Kg1 Kb6 39. Kh1 Ng8 40. Rxf8
Rxf8 41. Kg1 Rxf1+ 42. Qxf1 Qf6 43. Qf5 Qxf5 44. Bxf5 h6 45. Kf2 Bg5 46. Bxg5
hxg5 47. Kf3 Nf6 48. g4 Kc7 49. Kg3 Kd6 50. h4 gxh4+ 51. Kxh4 Ke7 52. g5 Ne8
53. Kh5 Nd6 54. Kg6 c4 55. Kxg7 cxd3 56. cxd3 Nf7 57. g6 Nd6 58. Kh7 Ne8 59. g7
Nf6+ 60. Kg6 Ng8 61. Bc8 Nf6 62. Ba6 Ng8 63. Bc4 Nf6 64. g8=Q Nxg8 65. Bxg8 Kf8
66. Bd5 Ke7 67. Kf5 Kd6 68. Bc4 Kd7 69. Kxe5 Ke7 70. Kxd4 Kd6 71. e5+ Ke7 72.
Kd5 Kd7 73. e6+ Kc7 74. Ke5 Kd8 75. Kf6 Kc7 76. e7 Kd7 77. Bb5+ Kd6 78. e8=Q
Kd5 79. Qe5# 1-0

[Event "ODEM U25A 2011"]
[Site "Oberhof GER"]
[Date "2011.06.13"]
[Round "3"]
[White "Papusha, Maxim"]
[Black "Holle, Eric"]
[Result "1-0"]
[Termination "normal"]
[Board "30"]
[WhiteElo "1745"]
[BlackElo "1685"]
[PlyCount "95"]
[WhiteFideId "12915246"]
[BlackFideId "4624610"]
[EventCountry "GER"]
[EventRounds "9"]
[EventType "swiss"]
[EventDate "2011.06.11"]

1. e4 e6 2. d4 d5 3. Nc3 Nf6 4. e5 Nfd7 5. f4 c5 6. Nf3 Nc6 7. Be3 cxd4 8. Nxd4
Bc5 9. Qd2 O-O 10. O-O-O a6 11. Qf2 Na5 12. Bd3 Nc4 13. Kb1 Qb6 14. Na4 Qb4 15.
Bxc4 dxc4 16. Nc3 Nb6 17. Ne4 Be7 18. c3 Qa4 19. Nxe6 Bxe6 20. Bxb6 Bf5 21.
Rhe1 Qc6 22. Qd4 h6 23. Ka1 Rad8 24. Bxd8 Rxd8 25. Nd6 Bd3 26. Qf2 Bxd6 27.
exd6 Qxd6 28. Re5 Rd7 29. b3 cxb3 30. axb3 Qc6 31. Kb2 Bb5 32. Re8+ Kh7 33.
Qc2+ g6 34. Rxd7 Qxd7 35. Re4 Bc6 36. Rd4 Qe6 37. g3 Qe3 38. Qd2 Qe7 39. Qf2
Bd7 40. Rd5 Bf5 41. Re5 Qc7 42. Qd4 Be6 43. h4 h5 44. Rc5 Qb8 45. c4 Bg4 46.
Qe5 Qd8 47. Rd5 Qb6 48. Qd4 1-0

[Event "ODEM U25A 2011"]
[Site "Oberhof GER"]
[Date "2011.06.13"]
[Round "3"]
[White "Müller, Max"]
[Black "Marx, Inga"]
[Result "1/2-1/2"]
[Termination "normal"]
[Board "32"]
[WhiteElo "1639"]
[BlackElo "1773"]
[PlyCount "74"]
[WhiteFideId "12900486"]
[BlackFideId "4654749"]
[EventCountry "GER"]
[EventRounds "9"]
[EventType "swiss"]
[EventDate "2011.06.11"]

1. e4 c6 2. d4 g6 3. Nf3 Bg7 4. Bf4 Qb6 5. b3 Nf6 6. Nbd2 d5 7. Bd3 dxe4 8.
Nxe4 Nxe4 9. Bxe4 Bg4 10. c3 Nd7 11. O-O O-O 12. h3 Bxf3 13. Bxf3 Rad8 14. Re1
e5 15. Bg5 f6 16. Be3 Qa5 17. b4 Qa3 18. Qc2 f5 19. Bc1 Qa6 20. Qb3+ Kh8 21.
Be2 Qb6 22. dxe5 Nxe5 23. Be3 Qc7 24. Rad1 a6 25. Rd4 Nf7 26. Rxd8 Rxd8 27. Rd1
Rxd1+ 28. Bxd1 Qd7 29. Be2 Nd6 30. Qd1 Qe6 31. Bd4 Qxa2 32. Bxg7+ Kxg7 33. Bxa6
Qxa6 34. Qxd6 Qa1+ 35. Kh2 Qxc3 36. Qe7+ Kg8 37. Qe8+ Kg7 1/2-1/2